书目信息 |
| 题名: |
中山生物物种资源
|
|
| 作者: | 唐辉远 , 邓小兵 主编 | |
| 分册: | ||
| 出版信息: | 北京 科学出版社 2007.12 |
|
| 页数: | 323页, [16] 页图版 | |
| 开本: | 26cm | |
| 丛书名: | ||
| 单 册: | ||
| 中图分类: | Q-92 | |
| 科图分类: | ||
| 主题词: | 生物--sheng wu--种质资源--中山市 | |
| 电子资源: | ||
| ISBN: | 978-7-03-020787-6 | |
| 000 | 00933nam0 2200241 450 | |
| 001 | 003765007 | |
| 005 | 20080910110840.32 | |
| 010 | @a978-7-03-020787-6@dCNY80.00 | |
| 100 | @a20080521d2007 em y0chiy0110 ea | |
| 101 | 0 | @achi |
| 102 | @aCN@b110000 | |
| 105 | @aab z 000yy | |
| 200 | 1 | @a中山生物物种资源@Azhong shan sheng wu wu zhong zi yuan@f邓小兵, 唐辉远主编 |
| 210 | @a北京@c科学出版社@d2007.12 | |
| 215 | @a323页, [16] 页图版@c地图, 图@d26cm | |
| 330 | @a本书反映了中山市生物物种资源的现状,提出了中山市生物物种保护利用的规划。全书共分6部分:中山市生物物种资源本底调查综述;维管植物资源调查名录;昆虫资源调查名录;水生生物资源调查名录;微生物物种名录;中山市生物物种资源保护和利用规划。 | |
| 606 | 0 | @a生物@Asheng wu@x种质资源@y中山市 |
| 690 | @aQ-92@v4 | |
| 701 | 0 | @a唐辉远@Atang hui yuan@4主编 |
| 701 | 0 | @a邓小兵@Adeng xiao bing@4主编 |
| 801 | 0 | @aCN@bNLC@c20080910 |
| 905 | @aZUCC@dQ-92@eD320 | |
| 999 | @aCYP | |
| 中山生物物种资源/邓小兵, 唐辉远主编.-北京:科学出版社,2007.12 |
| 323页, [16] 页图版:地图, 图;26cm |
| ISBN 978-7-03-020787-6:CNY80.00 |
| 本书反映了中山市生物物种资源的现状,提出了中山市生物物种保护利用的规划。全书共分6部分:中山市生物物种资源本底调查综述;维管植物资源调查名录;昆虫资源调查名录;水生生物资源调查名录;微生物物种名录;中山市生物物种资源保护和利用规划。 |
| ● |
| 相关链接 |
|
|
|
正题名:中山生物物种资源
索取号:Q-92/D320
 
预约/预借
| 序号 | 登录号 | 条形码 | 馆藏地/架位号 | 状态 | 备注 |
| 1 | 677701 | 206777013 | 自科库401/401自科库 24排2列4层/ [索取号:Q-92/D320] | 在馆 | |
| 2 | 677702 | 206777022 | 自科库401/401自科库 24排2列4层/ [索取号:Q-92/D320] | 在馆 | |
| 3 | 677703 | 206777031 | 自科库401/401自科库 24排2列4层/ [索取号:Q-92/D320] | 在馆 |